| 000 | 00552 a2200217 4500 | ||
|---|---|---|---|
| 005 | 20260417115202.0 | ||
| 008 | 260416b |||||||| |||| 00| 0 eng d | ||
| 020 |
_a9781529685091 _c£ 47.00 |
||
| 040 | _aMAIN | ||
| 082 |
_a157.9 _bV827P(4) |
||
| 100 | _aVisser, Richard De | ||
| 245 | _aPsychology for medicine and healthcare | ||
| 250 | _a4th | ||
| 260 |
_bSage _c2025 _aNew Delhi |
||
| 300 | _axxvi, 618 | ||
| 650 | _aPhychology | ||
| 650 | _aMedical Psychology | ||
| 650 | _aHealth Psychology | ||
| 700 | _aAyers, Susan | ||
| 942 | _cBK | ||
| 999 |
_c396747 _d396747 |
||